000 00630nam a2200241Ia 4500
003 OSt
005 20221007100818.0
006 a|||||r|||| 00| 0
007 ta
008 221006b |||||||| |||| 00| 0 eng d
024 _a5,197
037 _cTextual
040 _aLCO
_cLCO
_beng
041 _2eng
_aeng
082 _aV2,8'H-J, L2
100 _aTRIPATHI R P
245 0 _aSome aspects of Muslim Administration
260 _aAllahabad
_bC.B.Depot.
_c1972
300 _a408
650 _aMUSLIM ADMINISTRATION
_9702135
942 _hV2,8'H-J, L2
_cTEXL
999 _c1174760
_d1174760